25 лет советского машиностроения; Научно-техническая конференция, посвященная 25-летию Великой Октябрьской социалистической революции, Томск 3-6 декабря 1942 г.

Bibliografische gegevens
Parent link:Научно-техническая конференция, посвященная 25-летию Великой Октябрьской социалистической революции, Томск 3-6 декабря 1942 г..— 1942.— С. 71
Hoofdauteur: Кетов Х. Ф.
Taal:Russisch
Gepubliceerd in: 1942
Reeks:Машиностроительная секция
Onderwerpen:
Formaat: Hoofdstuk
KOHA link:https://koha.lib.tpu.ru/cgi-bin/koha/opac-detail.pl?biblionumber=176841

MARC

LEADER 00000naa2a2200000 4500
001 176841
005 20231031165404.0
035 |a (RuTPU)RU\TPU\book\191734 
035 |a RU\TPU\tpu\6795 
090 |a 176841 
100 |a 20100304d1942 k y0rusy50 ca 
101 0 |a rus 
102 |a RU 
200 1 |a 25 лет советского машиностроения  |f Х. Ф. Кетов 
225 1 |a Машиностроительная секция 
463 0 |0 (RuTPU)RU\TPU\book\175283  |t Научно-техническая конференция, посвященная 25-летию Великой Октябрьской социалистической революции, Томск 3-6 декабря 1942 г.  |o тезисы докладов  |f Томский индустриальный институт (ТИИ) ; под ред. К. Н. Шмаргунов ; М. К. Коровин  |v С. 71  |d 1942  |p 74 с. 
610 1 |a машиностроение 
610 1 |a труды учёных ТПУ 
610 1 |a машиноведение 
610 1 |a резание 
610 1 |a обработка 
610 1 |a металлы 
700 1 |a Кетов  |b Х. Ф. 
801 0 |a RU  |b 63413507  |c 20011210  |g PSBO 
801 2 |a RU  |b 63413507  |c 20180522  |g PSBO 
942 |c BK